№ 1-53; Наука и техника

Detalles Bibliográficos
Parent link:Наука и техника. № 1-53.— , 1925-1939
Idioma:ruso
Publicado: 1925
Formato: MixedMaterials Libro
KOHA link:https://koha.lib.tpu.ru/cgi-bin/koha/opac-detail.pl?biblionumber=388532

MARC

LEADER 00000nam2a2200000 4500
001 388532
005 20231101063748.0
035 |a (RuTPU)RU\TPU\prd\19800 
090 |a 388532 
100 |a 20031119a19231939m y0rusy50 ca 
101 0 |a rus 
102 |a RU 
200 0 |a № 1-53 
210 |d 1925 
461 1 |0 (RuTPU)RU\TPU\prd\799  |t Наука и техника  |v № 1-53  |d 1925-1939 
801 1 |a RU  |b 63413507  |c 20031119  |g PSBO 
801 2 |a RU  |b 63413507  |c 20110505  |g RCR 
942 |c BK 
999 |a НТБ_ТПУ  |b НФ  |e -8/20110111  |p П-2100  |u 0,00  |v 1